CS:GO / CS2 Suomen mestarit - Statistics

Yleistilastot
  • Tätä visaa on pelattu 10 kertaa
  • Keskiarvotulos 23 / 64
Vastaustilastot
Vuosi Joukkue % Oikein
2016 ENCE
100%
2018 ENCE
100%
2017 HAVU
86%
2020 HAVU
86%
2021 HAVU
86%
2023 HAVU
86%
Aleksib
71%
Aleksib
71%
allu
71%
allu
71%
allu
71%
allu
71%
Aerial
57%
Aerial
57%
Aerial
57%
2024 JANO
57%
sergej
57%
sergej
57%
xseveN
57%
xseveN
57%
xseveN
57%
xseveN
57%
xseveN
57%
xseveN
57%
Jamppi
43%
suNny
43%
airax
29%
jelo
29%
sAw
29%
2019 SJ
29%
arvid
14%
Banjo
14%
diSTURBED
14%
doto
14%
HENU
14%
HENU
14%
jemi
14%
Juho
14%
Juho
14%
Juho
14%
kaavio
14%
KHRN
14%
KHRN
14%
lehtori
14%
N44M4
14%
naSu
14%
ottoNd
14%
RAIMOVORMISTO
14%
REFLEX
14%
SADDYX
14%
shaker
14%
2025 Skinsauna
14%
sLowi
14%
sLowi
14%
sLowi
14%
2022 TMVG
14%
toNppa
14%
xartE
14%
xartE
14%
xartE
14%
xartE
14%
zks
14%
ZOREE
14%
ZOREE
14%
Ehtoja vastaavia visoja ei löytynyt
Tulosjakauma
Jokaisen tuloksen saaneiden osuus
Persentiili vastausten määrän mukaan
Tuloshistoriasi
Et ole pelannut tätä visaa